000 00751nam a2200241 i 4500
001 33670
003 ES-MaACL
005 20230906154811.0
007 t|
008 030203s1964 sp ||||1| spa d
100 1 _aBiscayart, Michel.
_928998
245 1 0 _aVender, marketing /
_cMichel Biscayart ; prólogo H. Toulouse ; traducido por Arturo Urgoiti Abascal.
260 _aBilbao :
_bDeusto,
_c[1964]
300 _a269 p. :
_bil. ;
_c25 cm.
490 1 _aColección gestión
650 0 4 _aVenta.
_917760
650 0 4 _aAnálisis de mercado.
_99762
700 1 _aToulouse, H.
_9111129
700 1 _aUrgoiti Abascal, Arturo.
_9112135
830 0 _aColección gestión
_9180966
852 _aES-MaACL
_jA-2207
_bR.54357
999 _c33670
_d33670